000 00475nam a22001697a 4500
005 20241126072827.0
008 241126b |||||||| |||| 00| 0 eng d
020 _a9780409118698
041 _aEnglish
082 _a349 JOU
100 _lEnglish
245 _aThe Law of South Africa /
_cWA Joubert
260 _aDurban:
_bLexisNexis (Pty) Ltd,
_c2013
300 _b1194 pages;
_c26 cm.
650 _aLegal practice
_bLaw
942 _cBK
_6ALISON_BN_VRIES
999 _c3264
_d3264